000 00701nam a2200289Ia 4500
005 20260324133430.0
008 008 260324s9999 xx 000 0 eng d
020 _a9780203458310
037 _aEBOOK
040 _aCRL
040 _beng
040 _cCRL
041 _2eng
041 _aeng
084 _qCRL
100 _aHelen Colley
_91193076
245 0 _aMentoring for Social Inclusion
245 2 _bA Critical Approach to Nurturing Mentor Relationships
260 _bTaylor and Francis
260 _c2003
365 _a
365 _b290
856 _uhttp://www.taylorfrancis.com/books/9780203458310
942 _cEBOOK
999 _c1792090
_d1792090